000 01047nam0a22002891 4500
001 rc\4292065
005 20250612040920.0
021 _aRU
_b[60-33282]
035 _a(NLR Aleph) 008496780
090 _a8083637
_c8083637
100 _a20130416d1960 |||y0rusy50 ca
101 0 _arus
102 _aRU
105 _aa z |||||
200 1 _aКультура неограниченных возможностей
210 _aЛипецк
_cКн. изд-во
_d1960
215 _a59 с.
_cил.
_d20
300 _aПеред загл. авт.: Будков, А., Карпова Р., Новикова Н.
606 _aКукуруза
_xВозделывание
_yЛипецкая область
_2psbo
700 1 _aБудков
_bА.Ф.
_gАркадий Феодосьевич
701 1 _aКарпова
_bР.В.
_gРаиса Владимировна
701 1 _aНовикова
_bН.С.
_gНаталья Семеновна
801 0 _aRU
_bNLR
_gpsbo
801 1 _aRU
_bELAR
_2rusmarc
852 _aNLR
_j60-4/6408
942 _cBOOK
980 _aNB